000
00268nam a2200121 4500
999
_c
9439
_d
9439
003
OSt
005
20210420162218.0
008
210420b ||||| |||| 00| 0 eng d
020
_a
9781600853951
082
_a
635.986
245
_a
container garden idea book
942
_2
ddc